[Event "DEM U16w 2024"]
[Site "Willingen GER"]
[Date "2024.05.23"]
[Round "7"]
[White "Heuberger, Sandra"]
[Black "Breja, Eva"]
[Result "1-0"]
[Termination "normal"]
[Board "13"]
[WhiteElo "1555"]
[BlackElo "1390"]
[WhiteClock "00:35:40"]
[BlackClock "00:48:38"]
[PlyCount "63"]
[WhiteFideId "16232151"]
[BlackFideId "34639632"]
[EventCountry "GER"]
[EventRounds "9"]
[EventType "swiss"]
[EventDate "2024.05.18"]

1. c4 {[%clk 01:30:51]} {[%emt 00:00:09]} e5 {[%clk 01:30:53]} {[%emt
00:00:07]} 2. Nc3 {[%clk 01:30:57]} {[%emt 00:00:24]} Nf6 {[%clk 01:31:06]}
{[%emt 00:00:17]} 3. d3 {[%clk 01:31:04]} {[%emt 00:00:22]} Be7 {[%clk
01:29:38]} {[%emt 00:01:57]} 4. Nf3 {[%clk 01:30:51]} {[%emt 00:00:44]} Nc6
{[%clk 01:28:07]} {[%emt 00:02:01]} 5. g3 {[%clk 01:29:14]} {[%emt 00:02:06]}
O-O {[%clk 01:28:06]} {[%emt 00:00:31]} 6. Bg2 {[%clk 01:28:44]} {[%emt
00:01:01]} d6 {[%clk 01:27:59]} {[%emt 00:00:36]} 7. O-O {[%clk 01:27:59]}
{[%emt 00:01:15]} Be6 {[%clk 01:25:01]} {[%emt 00:03:27]} 8. Qb3 {[%clk
01:21:12]} {[%emt 00:07:18]} d5 {[%clk 01:12:48]} {[%emt 00:12:43]} 9. Qxb7
{[%clk 01:09:13]} {[%emt 00:12:29]} Na5 {[%clk 01:10:16]} {[%emt 00:03:01]} 10.
Qb5 {[%clk 01:06:41]} {[%emt 00:03:03]} c6 {[%clk 01:10:31]} {[%emt 00:00:15]}
11. Qa4 {[%clk 01:06:19]} {[%emt 00:00:52]} Nd7 {[%clk 01:08:58]} {[%emt
00:02:04]} 12. cxd5 {[%clk 01:02:53]} {[%emt 00:03:57]} cxd5 {[%clk 01:08:40]}
{[%emt 00:00:48]} 13. Bd2 {[%clk 01:01:58]} {[%emt 00:01:24]} Nb7 {[%clk
01:07:50]} {[%emt 00:01:21]} 14. Rfc1 {[%clk 00:59:15]} {[%emt 00:03:13]} f5
{[%clk 01:06:15]} {[%emt 00:02:05]} 15. b4 {[%clk 00:49:50]} {[%emt 00:09:55]}
f4 {[%clk 01:06:06]} {[%emt 00:00:38]} 16. Qc6 {[%clk 00:48:55]} {[%emt
00:01:25]} Nd6 {[%clk 01:05:28]} {[%emt 00:01:08]} 17. Nxd5 {[%clk 00:46:10]}
{[%emt 00:03:16]} Rc8 {[%clk 01:01:50]} {[%emt 00:04:07]} 18. Nxe7+ {[%clk
00:46:20]} {[%emt 00:00:20]} Qxe7 {[%emt 00:00:15]} 19. Qa4 {[%clk 00:45:40]}
{[%emt 00:01:06]} fxg3 {[%clk 00:58:26]} {[%emt 00:04:13]} 20. hxg3 {[%clk
00:45:04]} {[%emt 00:01:06]} Nb6 {[%clk 00:58:21]} {[%emt 00:00:35]} 21. Qd1
{[%clk 00:44:09]} {[%emt 00:01:24]} e4 {[%clk 00:57:15]} {[%emt 00:01:36]} 22.
Ng5 {[%clk 00:41:07]} {[%emt 00:03:33]} exd3 {[%clk 00:55:24]} {[%emt
00:02:20]} 23. Nxe6 {[%clk 00:39:49]} {[%emt 00:01:49]} Qxe6 {[%clk 00:55:28]}
{[%emt 00:00:26]} 24. exd3 {[%clk 00:39:58]} {[%emt 00:00:20]} Qf5 {[%clk
00:55:02]} {[%emt 00:00:56]} 25. Be3 {[%clk 00:39:46]} {[%emt 00:00:42]} Nd5
{[%clk 00:53:58]} {[%emt 00:01:33]} 26. Qb3 {[%clk 00:39:19]} {[%emt 00:00:58]}
Kh8 {[%clk 00:49:55]} {[%emt 00:04:33]} 27. Qxd5 {[%clk 00:39:11]} {[%emt
00:00:38]} Qf6 {[%clk 00:48:12]} {[%emt 00:02:12]} 28. Bd4 {[%clk 00:36:32]}
{[%emt 00:03:09]} Qh6 {[%clk 00:48:26]} {[%emt 00:00:16]} 29. Rxc8 {[%clk
00:35:44]} {[%emt 00:01:17]} Rxc8 {[%clk 00:48:48]} {[%emt 00:00:08]} 30. Bc5
{[%clk 00:35:22]} {[%emt 00:00:52]} Rd8 {[%clk 00:48:21]} {[%emt 00:00:57]} 31.
Bxd6 {[%clk 00:35:19]} {[%emt 00:00:33]} Rxd6 {[%clk 00:48:38]} {[%emt
00:00:13]} 32. Qa8+ {[%clk 00:35:40]} {[%emt 00:00:09]} 1-0

[Event "DEM U16w 2024"]
[Site "Willingen GER"]
[Date "2024.05.23"]
[Round "7"]
[White "Junge, Julia Marie"]
[Black "Rabe, Elina"]
[Result "1-0"]
[Termination "normal"]
[Board "14"]
[WhiteElo "1659"]
[BlackElo "1551"]
[WhiteClock "00:58:32"]
[BlackClock "00:33:19"]
[PlyCount "75"]
[WhiteFideId "16293908"]
[BlackFideId "34623531"]
[EventCountry "GER"]
[EventRounds "9"]
[EventType "swiss"]
[EventDate "2024.05.18"]

1. e4 {[%clk 01:30:56]} {[%emt 00:00:03]} e5 {[%clk 01:30:59]} {[%emt
00:00:02]} 2. Nf3 {[%clk 01:31:18]} {[%emt 00:00:08]} Nc6 {[%clk 01:31:25]}
{[%emt 00:00:04]} 3. d4 {[%clk 01:31:44]} {[%emt 00:00:03]} exd4 {[%clk
01:31:50]} {[%emt 00:00:05]} 4. Bc4 {[%clk 01:32:11]} {[%emt 00:00:04]} Bc5
{[%clk 01:31:36]} {[%emt 00:00:43]} 5. c3 {[%clk 01:32:16]} {[%emt 00:00:26]}
dxc3 {[%clk 01:27:29]} {[%emt 00:04:38]} 6. Bxf7+ {[%clk 01:32:35]} {[%emt
00:00:10]} Kxf7 {[%clk 01:26:33]} {[%emt 00:01:25]} 7. Qd5+ {[%clk 01:33:02]}
{[%emt 00:00:04]} Ke8 {[%clk 01:25:32]} {[%emt 00:01:31]} 8. Qxc5 {[%clk
01:33:16]} {[%emt 00:00:15]} Qe7 {[%clk 01:24:27]} {[%emt 00:01:35]} 9. Qxe7+
{[%clk 01:24:23]} {[%emt 00:09:24]} Ngxe7 {[%clk 01:24:55]} {[%emt 00:00:02]}
10. Nxc3 {[%clk 01:24:13]} {[%emt 00:00:39]} d6 {[%clk 01:24:53]} {[%emt
00:00:32]} 11. b3 {[%clk 01:23:39]} {[%emt 00:01:05]} Bg4 {[%clk 01:24:17]}
{[%emt 00:01:06]} 12. Bb2 {[%clk 01:21:14]} {[%emt 00:02:55]} Bxf3 {[%clk
01:23:39]} {[%emt 00:01:07]} 13. gxf3 {[%clk 01:21:23]} {[%emt 00:00:21]} Nd4
{[%clk 01:23:23]} {[%emt 00:00:46]} 14. Rd1 {[%clk 01:20:32]} {[%emt 00:01:21]}
Nxf3+ {[%clk 01:22:49]} {[%emt 00:01:05]} 15. Ke2 {[%clk 01:20:49]} {[%emt
00:00:12]} Ne5 {[%clk 01:22:44]} {[%emt 00:00:36]} 16. f4 {[%clk 01:20:05]}
{[%emt 00:01:14]} N5g6 {[%clk 01:21:58]} {[%emt 00:01:15]} 17. Rhf1 {[%clk
01:19:20]} {[%emt 00:01:14]} a6 {[%clk 01:18:58]} {[%emt 00:03:31]} 18. Rc1
{[%clk 01:16:16]} {[%emt 00:03:34]} Rf8 {[%clk 01:15:13]} {[%emt 00:04:15]} 19.
Ke3 {[%emt 00:02:09]} Kd7 {[%clk 01:12:43]} {[%emt 00:02:50]} 20. Ne2 {[%clk
01:13:06]} {[%emt 00:02:11]} Rf7 {[%clk 01:11:46]} {[%emt 00:01:26]} 21. Rcd1
{[%clk 01:10:06]} {[%emt 00:03:30]} Re8 {[%clk 01:08:27]} {[%emt 00:03:49]} 22.
Ng3 {[%clk 01:08:37]} {[%emt 00:02:00]} Nf8 {[%clk 00:55:44]} {[%emt 00:13:13]}
23. Nh5 {[%clk 01:06:29]} {[%emt 00:02:38]} g6 {[%clk 00:48:50]} {[%emt
00:07:24]} 24. Nf6+ {[%clk 01:04:01]} {[%emt 00:02:58]} Rxf6 {[%clk 00:48:56]}
{[%emt 00:00:24]} 25. Bxf6 {[%clk 01:04:27]} {[%emt 00:00:05]} Nf5+ {[%clk
00:48:39]} {[%emt 00:00:46]} 26. Kf3 {[%clk 01:04:10]} {[%emt 00:00:46]} Re6
{[%clk 00:46:45]} {[%emt 00:02:25]} 27. Bg5 {[%clk 01:00:55]} {[%emt 00:03:45]}
Ne7 {[%clk 00:43:26]} {[%emt 00:03:49]} 28. Rd2 {[%clk 00:57:58]} {[%emt
00:03:27]} Nc6 {[%clk 00:41:58]} {[%emt 00:01:57]} 29. Rfd1 {[%clk 00:58:01]}
{[%emt 00:00:27]} Kc8 {[%clk 00:41:41]} {[%emt 00:00:48]} 30. e5 {[%clk
00:57:42]} {[%emt 00:00:50]} Kd7 {[%clk 00:37:26]} {[%emt 00:04:44]} 31. Bh6
{[%clk 00:57:18]} {[%emt 00:00:54]} Ke7 {[%clk 00:35:41]} {[%emt 00:02:14]} 32.
Bxf8+ {[%clk 00:57:37]} {[%emt 00:00:11]} Kxf8 {[%clk 00:36:09]} {[%emt
00:00:02]} 33. exd6 {[%clk 00:57:59]} {[%emt 00:00:08]} cxd6 {[%clk 00:35:59]}
{[%emt 00:00:40]} 34. Rxd6 {[%clk 00:58:22]} {[%emt 00:00:07]} Re7 {[%clk
00:35:44]} {[%emt 00:00:44]} 35. Rd7 {[%clk 00:58:17]} {[%emt 00:00:36]} Rxd7
{[%clk 00:35:01]} {[%emt 00:01:13]} 36. Rxd7 {[%clk 00:58:13]} {[%emt
00:00:34]} b5 {[%clk 00:33:00]} {[%emt 00:02:31]} 37. Rxh7 {[%clk 00:58:32]}
{[%emt 00:00:11]} Kg8 {[%clk 00:33:19]} {[%emt 00:00:10]} 38. Ke4 {[%emt
00:00:24]} 1-0

[Event "DEM U16w 2024"]
[Site "Willingen GER"]
[Date "2024.05.23"]
[Round "7"]
[White "Lorenz, Rebecca"]
[Black "Margaryan, Venera"]
[Result "0-1"]
[Termination "normal"]
[Board "15"]
[WhiteElo "1460"]
[BlackElo "1774"]
[WhiteClock "00:05:31"]
[BlackClock "00:30:30"]
[PlyCount "136"]
[WhiteFideId "34610944"]
[BlackFideId "16266226"]
[EventCountry "GER"]
[EventRounds "9"]
[EventType "swiss"]
[EventDate "2024.05.18"]

1. e4 {[%clk 01:30:58]} {[%emt 00:00:01]} e6 {[%clk 01:30:57]} {[%emt
00:00:04]} 2. d4 {[%clk 01:31:13]} {[%emt 00:00:15]} d5 {[%clk 01:31:23]}
{[%emt 00:00:04]} 3. exd5 {[%clk 01:31:33]} {[%emt 00:00:11]} exd5 {[%clk
01:31:44]} {[%emt 00:00:09]} 4. Nf3 {[%clk 01:31:32]} {[%emt 00:00:30]} Bd6
{[%clk 01:32:03]} {[%emt 00:00:11]} 5. Bd3 {[%clk 01:31:37]} {[%emt 00:00:25]}
Nf6 {[%clk 01:31:56]} {[%emt 00:00:37]} 6. O-O {[%clk 01:31:53]} {[%emt
00:00:15]} O-O {[%clk 01:31:47]} {[%emt 00:00:39]} 7. Re1 {[%clk 01:31:26]}
{[%emt 00:00:55]} Be6 {[%clk 01:31:04]} {[%emt 00:01:13]} 8. Bg5 {[%clk
01:30:16]} {[%emt 00:01:42]} Nbd7 {[%clk 01:30:34]} {[%emt 00:01:01]} 9. Nbd2
{[%clk 01:29:11]} {[%emt 00:01:35]} c6 {[%clk 01:30:29]} {[%emt 00:00:35]} 10.
c3 {[%clk 01:26:52]} {[%emt 00:02:48]} Qc7 {[%clk 01:27:26]} {[%emt 00:03:33]}
11. Bxf6 {[%clk 01:22:03]} {[%emt 00:05:18]} Nxf6 {[%clk 01:27:38]} {[%emt
00:00:18]} 12. b3 {[%clk 01:17:39]} {[%emt 00:04:55]} Rad8 {[%clk 01:22:09]}
{[%emt 00:06:00]} 13. c4 {[%clk 01:14:23]} {[%emt 00:03:45]} dxc4 {[%clk
01:19:34]} {[%emt 00:03:05]} 14. bxc4 {[%clk 01:12:49]} {[%emt 00:02:04]} h6
{[%clk 01:13:52]} {[%emt 00:06:13]} 15. Qc2 {[%clk 01:08:53]} {[%emt 00:04:26]}
Rd7 {[%clk 01:12:28]} {[%emt 00:01:54]} 16. a4 {[%clk 01:03:33]} {[%emt
00:05:50]} Rfd8 {[%clk 01:08:57]} {[%emt 00:04:01]} 17. g3 {[%clk 00:56:09]}
{[%emt 00:07:54]} Bc5 {[%clk 01:01:45]} {[%emt 00:07:43]} 18. dxc5 {[%clk
00:53:21]} {[%emt 00:03:18]} Rxd3 {[%clk 01:01:27]} {[%emt 00:00:48]} 19. Re3
{[%clk 00:50:08]} {[%emt 00:03:42]} Rxe3 {[%clk 01:00:41]} {[%emt 00:01:18]}
20. fxe3 {[%clk 00:47:54]} {[%emt 00:02:43]} Ng4 {[%clk 01:00:07]} {[%emt
00:01:04]} 21. Qc3 {[%clk 00:45:07]} {[%emt 00:03:16]} Qd7 {[%clk 00:57:46]}
{[%emt 00:02:53]} 22. Rd1 {[%clk 00:39:44]} {[%emt 00:05:53]} Qd3 {[%clk
00:57:30]} {[%emt 00:00:46]} 23. Qxd3 {[%clk 00:39:14]} {[%emt 00:00:59]} Rxd3
{[%clk 00:57:58]} {[%emt 00:00:03]} 24. Rb1 {[%clk 00:35:38]} {[%emt 00:04:06]}
Bc8 {[%clk 00:56:41]} {[%emt 00:01:47]} 25. e4 {[%clk 00:34:55]} {[%emt
00:01:13]} Ra3 {[%clk 00:53:12]} {[%emt 00:03:59]} 26. Kg2 {[%clk 00:32:15]}
{[%emt 00:03:10]} Rxa4 {[%clk 00:52:30]} {[%emt 00:01:13]} 27. h3 {[%clk
00:29:26]} {[%emt 00:03:18]} Ne3+ {[%clk 00:52:46]} {[%emt 00:00:14]} 28. Kf2
{[%clk 00:28:55]} {[%emt 00:01:00]} Nxc4 {[%clk 00:53:06]} {[%emt 00:00:11]}
29. g4 {[%clk 00:27:52]} {[%emt 00:01:32]} Nxd2 {[%clk 00:53:01]} {[%emt
00:00:35]} 30. Nxd2 {[%clk 00:28:04]} {[%emt 00:00:18]} Ra3 {[%clk 00:52:34]}
{[%emt 00:00:56]} 31. Rc1 {[%clk 00:26:12]} {[%emt 00:02:22]} Rxh3 {[%clk
00:52:33]} {[%emt 00:00:31]} 32. Kg2 {[%clk 00:23:52]} {[%emt 00:02:50]} Bxg4
{[%clk 00:51:58]} {[%emt 00:01:06]} 33. Nc4 {[%clk 00:17:46]} {[%emt 00:06:35]}
Rd3 {[%clk 00:44:07]} {[%emt 00:08:22]} 34. Kf2 {[%clk 00:15:27]} {[%emt
00:02:49]} f6 {[%clk 00:38:24]} {[%emt 00:06:13]} 35. Na5 {[%clk 00:14:29]}
{[%emt 00:01:29]} Rd2+ {[%clk 00:35:16]} {[%emt 00:03:31]} 36. Ke3 {[%clk
00:14:15]} {[%emt 00:00:51]} Rb2 {[%clk 00:35:20]} {[%emt 00:00:25]} 37. Kf4
{[%clk 00:13:51]} {[%emt 00:00:54]} Be6 {[%clk 00:34:23]} {[%emt 00:01:24]} 38.
Rc3 {[%clk 00:13:12]} {[%emt 00:01:11]} Kf7 {[%clk 00:31:32]} {[%emt 00:03:22]}
39. e5 {[%clk 00:11:02]} {[%emt 00:02:40]} g5+ {[%clk 00:30:56]} {[%emt
00:01:05]} 40. Ke4 {[%clk 00:11:03]} {[%emt 00:00:29]} Rb4+ {[%clk 00:30:03]}
{[%emt 00:01:21]} 41. Kf3 {[%clk 00:10:48]} {[%emt 00:00:46]} fxe5 {[%clk
00:29:42]} {[%emt 00:00:53]} 42. Ke3 {[%clk 00:10:55]} {[%emt 00:00:22]} Bd5
{[%clk 00:28:59]} {[%emt 00:01:15]} 43. Kd2 {[%clk 00:10:48]} {[%emt 00:00:36]}
b6 {[%clk 00:27:56]} {[%emt 00:01:34]} 44. cxb6 {[%clk 00:09:03]} {[%emt
00:02:14]} Rxb6 {[%clk 00:27:13]} {[%emt 00:01:14]} 45. Kd3 {[%clk 00:08:13]}
{[%emt 00:01:19]} g4 {[%clk 00:26:11]} {[%emt 00:01:32]} 46. Ke3 {[%clk
00:08:09]} {[%emt 00:00:34]} h5 {[%clk 00:25:53]} {[%emt 00:00:48]} 47. Kf2
{[%clk 00:08:23]} {[%emt 00:00:15]} Kg6 {[%clk 00:25:48]} {[%emt 00:00:35]} 48.
Kg3 {[%clk 00:07:32]} {[%emt 00:01:20]} Kg5 {[%clk 00:26:14]} {[%emt 00:00:05]}
49. Rc1 {[%clk 00:06:56]} {[%emt 00:01:06]} h4+ {[%clk 00:26:21]} {[%emt
00:00:23]} 50. Kh2 {[%clk 00:06:31]} {[%emt 00:00:55]} g3+ {[%clk 00:25:55]}
{[%emt 00:00:55]} 51. Kg1 {[%clk 00:05:54]} {[%emt 00:01:07]} Be4 {[%clk
00:25:50]} {[%emt 00:00:36]} 52. Nc4 {[%clk 00:04:56]} {[%emt 00:01:28]} Rb1
{[%clk 00:25:34]} {[%emt 00:00:46]} 53. Rxb1 {[%clk 00:04:55]} {[%emt
00:00:32]} Bxb1 {[%clk 00:26:00]} {[%emt 00:00:04]} 54. Nxe5 {[%clk 00:05:08]}
{[%emt 00:00:16]} Be4 {[%clk 00:26:17]} {[%emt 00:00:08]} 55. Nc4 {[%clk
00:04:21]} {[%emt 00:01:22]} h3 {[%clk 00:26:16]} {[%emt 00:00:31]} 56. Kf1
{[%clk 00:04:07]} {[%emt 00:00:44]} h2 {[%clk 00:26:34]} {[%emt 00:00:13]} 57.
Ke2 {[%clk 00:03:51]} {[%emt 00:00:46]} h1=Q {[%clk 00:26:56]} {[%emt
00:00:08]} 58. Ke3 {[%clk 00:03:41]} {[%emt 00:00:41]} Qf3+ {[%clk 00:27:16]}
{[%emt 00:00:09]} 59. Kd4 {[%clk 00:03:49]} {[%emt 00:00:23]} Qd3+ {[%clk
00:27:36]} {[%emt 00:00:09]} 60. Kc5 {[%clk 00:03:55]} {[%emt 00:00:25]} Qd5+
{[%clk 00:27:53]} {[%emt 00:00:11]} 61. Kb4 {[%clk 00:04:09]} {[%emt 00:00:18]}
a5+ {[%clk 00:28:05]} {[%emt 00:00:13]} 62. Nxa5 {[%clk 00:04:02]} {[%emt
00:00:42]} Qb5+ {[%clk 00:28:24]} {[%emt 00:00:08]} 63. Kc3 {[%clk 00:04:17]}
{[%emt 00:00:18]} Qxa5+ {[%clk 00:28:51]} {[%emt 00:00:03]} 64. Kd4 {[%clk
00:04:35]} {[%emt 00:00:10]} Qd5+ {[%clk 00:29:15]} {[%emt 00:00:07]} 65. Kc3
{[%clk 00:04:53]} {[%emt 00:00:12]} g2 {[%clk 00:29:28]} {[%emt 00:00:18]} 66.
Kb4 {[%clk 00:05:03]} {[%emt 00:00:20]} g1=Q {[%clk 00:29:42]} {[%emt
00:00:15]} 67. Kc3 {[%clk 00:05:13]} {[%emt 00:00:20]} Qc1+ {[%clk 00:30:08]}
{[%emt 00:00:04]} 68. Kb4 {[%clk 00:05:31]} {[%emt 00:00:12]} Qb5# {[%clk
00:30:30]} {[%emt 00:00:07]} 0-1

[Event "DEM U16w 2024"]
[Site "Willingen GER"]
[Date "2024.05.24"]
[Round "8"]
[White "Bräutigam, Katerina"]
[Black "Trunz, Michelle"]
[Result "0-1"]
[Termination "normal"]
[Board "1"]
[WhiteElo "1988"]
[BlackElo "2049"]
[WhiteClock "00:16:56"]
[BlackClock "00:36:13"]
[PlyCount "84"]
[WhiteFideId "16242980"]
[BlackFideId "16227980"]
[EventCountry "GER"]
[EventRounds "9"]
[EventType "swiss"]
[EventDate "2024.05.18"]

1. e4 {[%clk 01:30:58]} {[%emt 00:00:01]} e6 {[%clk 01:30:56]} {[%emt
00:00:05]} 2. d4 {[%clk 01:31:24]} {[%emt 00:00:04]} d5 {[%clk 01:31:21]}
{[%emt 00:00:04]} 3. Nd2 {[%clk 01:31:49]} {[%emt 00:00:06]} dxe4 {[%clk
01:31:42]} {[%emt 00:00:09]} 4. Nxe4 {[%clk 01:32:13]} {[%emt 00:00:05]} Nd7
{[%clk 01:31:49]} {[%emt 00:00:24]} 5. Be3 {[%clk 01:31:30]} {[%emt 00:01:13]}
Ngf6 {[%clk 01:31:23]} {[%emt 00:00:56]} 6. Bd3 {[%clk 01:30:53]} {[%emt
00:01:07]} Be7 {[%clk 01:24:59]} {[%emt 00:06:54]} 7. c4 {[%clk 01:27:46]}
{[%emt 00:03:36]} O-O {[%clk 01:19:51]} {[%emt 00:05:38]} 8. f3 {[%clk
01:22:29]} {[%emt 00:05:47]} c5 {[%clk 01:15:50]} {[%emt 00:04:32]} 9. Nxc5
{[%clk 01:12:52]} {[%emt 00:10:06]} Nxc5 {[%clk 01:15:00]} {[%emt 00:01:21]}
10. dxc5 {[%clk 01:13:14]} {[%emt 00:00:08]} Qc7 {[%clk 01:14:29]} {[%emt
00:01:00]} 11. b4 {[%clk 01:05:41]} {[%emt 00:08:04]} Qe5 {[%clk 01:12:30]}
{[%emt 00:02:29]} 12. Qc1 {[%clk 00:53:21]} {[%emt 00:12:50]} b6 {[%clk
01:02:20]} {[%emt 00:10:40]} 13. Ne2 {[%clk 00:45:07]} {[%emt 00:08:43]} Qc7
{[%clk 00:57:46]} {[%emt 00:05:04]} 14. Qc2 {[%clk 00:37:52]} {[%emt 00:07:45]}
bxc5 {[%clk 00:56:53]} {[%emt 00:01:24]} 15. b5 {[%clk 00:37:58]} {[%emt
00:00:23]} Rd8 {[%clk 00:51:55]} {[%emt 00:05:28]} 16. Kf2 {[%clk 00:34:17]}
{[%emt 00:04:11]} Bb7 {[%clk 00:51:02]} {[%emt 00:01:24]} 17. g4 {[%clk
00:27:39]} {[%emt 00:07:07]} g6 {[%clk 00:46:18]} {[%emt 00:05:15]} 18. Ng3
{[%clk 00:25:04]} {[%emt 00:03:04]} Bd6 {[%clk 00:39:53]} {[%emt 00:06:56]} 19.
g5 {[%clk 00:11:17]} {[%emt 00:14:17]} Ne8 {[%clk 00:38:38]} {[%emt 00:01:44]}
20. Be4 {[%clk 00:09:53]} {[%emt 00:01:55]} Ng7 {[%clk 00:32:46]} {[%emt
00:06:21]} 21. Bxb7 {[%clk 00:08:08]} {[%emt 00:02:15]} Qxb7 {[%clk 00:32:10]}
{[%emt 00:01:07]} 22. Ne4 {[%clk 00:07:11]} {[%emt 00:01:26]} Be7 {[%clk
00:24:56]} {[%emt 00:07:44]} 23. Nxc5 {[%clk 00:02:41]} {[%emt 00:05:01]} Bxc5
{[%clk 00:24:52]} {[%emt 00:00:34]} 24. Bxc5 {[%clk 00:03:09]} {[%emt
00:00:02]} Rdc8 {[%clk 00:22:31]} {[%emt 00:02:51]} 25. Be3 {[%clk 00:00:40]}
{[%emt 00:02:58]} Qxb5 {[%clk 00:22:04]} {[%emt 00:00:58]} 26. Rac1 {[%clk
00:00:53]} {[%emt 00:00:16]} Qa5 {[%clk 00:20:51]} {[%emt 00:01:43]} 27. Qd2
{[%clk 00:00:40]} {[%emt 00:00:43]} Qa6 {[%clk 00:19:33]} {[%emt 00:01:48]} 28.
c5 {[%clk 00:00:38]} {[%emt 00:00:32]} Nf5 {[%clk 00:19:17]} {[%emt 00:00:46]}
29. Rc2 {[%clk 00:00:35]} {[%emt 00:00:34]} Rd8 {[%clk 00:18:49]} {[%emt
00:00:57]} 30. Qe2 {[%clk 00:00:43]} {[%emt 00:00:22]} Qc6 {[%clk 00:18:26]}
{[%emt 00:00:53]} 31. Rd1 {[%clk 00:00:37]} {[%emt 00:00:35]} Rxd1 {[%clk
00:17:44]} {[%emt 00:01:13]} 32. Qxd1 {[%clk 00:01:06]} {[%emt 00:00:02]} Qa4
{[%clk 00:16:44]} {[%emt 00:01:29]} 33. Qd3 {[%clk 00:00:54]} {[%emt 00:00:42]}
Qh4+ {[%clk 00:16:22]} {[%emt 00:00:53]} 34. Kg2 {[%clk 00:00:59]} {[%emt
00:00:24]} Qe1 {[%clk 00:14:41]} {[%emt 00:02:10]} 35. Bf2 {[%clk 00:00:37]}
{[%emt 00:00:52]} Qa5 {[%clk 00:12:45]} {[%emt 00:02:27]} 36. c6 {[%clk
00:00:33]} {[%emt 00:00:35]} Rd8 {[%clk 00:11:15]} {[%emt 00:01:59]} 37. Qc3
{[%clk 00:00:35]} {[%emt 00:00:29]} Qc7 {[%clk 00:11:00]} {[%emt 00:00:45]} 38.
Qc5 {[%clk 00:00:33]} {[%emt 00:00:31]} Qf4 {[%clk 00:07:48]} {[%emt 00:03:41]}
39. h4 {[%clk 00:00:45]} {[%emt 00:00:18]} Rd3 {[%clk 00:06:41]} {[%emt
00:01:37]} 40. Kf1 {[%clk 00:00:34]} {[%emt 00:00:41]} Qxf3 {[%clk 00:05:52]}
{[%emt 00:01:20]} 41. Qe5 {[%clk 00:16:33]} {[%emt 00:14:29]} Rd1+ {[%clk
00:35:55]} {[%emt 00:00:27]} 42. Qe1 {[%clk 00:16:56]} {[%emt 00:00:08]} Ng3+
{[%clk 00:36:13]} {[%emt 00:00:12]} 0-1